000 00656nam a2200253Ia 4500
001 51289
005 20240114005222.0
007 ta
008 090619s1989 g b000 u 465 u
040 _aCotton College,Assam
041 _a465
082 _a310
_bGHO
100 _aGhosh, J K .
245 0 _aSankhya:The Indian Journal Of Statistics Vol 51 /
_cJ K Ghosh.
_hTextual Documents
250 _a1st /
260 _aCalcutta :
_bIndian Statistical Institute ,
_c1989.
300 _c28 cm.
653 _aJournals
653 _aBV-Statistics
942 _2ddc
_cBK
999 _c51254
_d51254